| 000 | 00499cam a2200193ua 4500 | ||
|---|---|---|---|
| 001 | 11919 | ||
| 008 | 191120n ii |||gr||||Z||||||eng | ||
| 020 | _a9789380261331 | ||
| 040 | _cMAIN | ||
| 082 | _a305.800954165 | ||
| 100 |
_aKewepfuzu Lohe, _eAuthor. |
||
| 245 |
_aNaga Village : _ba sociological study / _cBy Kewepfuzu Lohe . |
||
| 250 | _a1st ed. | ||
| 260 |
_aGuwahati: _bEBH Publishers, _c2011. |
||
| 300 | _a286p. | ||
| 653 | _aSocial groups | ||
| 653 | _aNaga village | ||
| 942 | _cBK | ||
| 999 |
_c10707 _d10707 |
||